banner koha

Relação albumina globulina de bezerras holandesas criadas em dois sistemas de aleitamento (Registro n. 248307)

MARC details
000 -LÍDER
campo de controle de tamanho fixo 01074nas a2200349 4500
001 - NÚMERO DE CONTROLE
campo de controle BR2016001029
003 - IDENTIFICADOR DO NÚMERO DE CONTROLE
campo de controle BR-BrBNA
005 - DATA E HORÁRIO DA ÚLTIMA TRANSAÇÃO
campo de controle 20231205130221.0
007 - CAMPO FIXO DE DESCRIÇÃO FÍSICA--INFORMAÇÃO GERAL
campo de controle de tamanho fixo ta
008 - CAMPO DE DADOS FIXOS--INFORMAÇÃO GERAL
campo de controle de tamanho fixo 230509b bl.|||p| |||| 00| 00por d
040 ## - FONTE DA CATALOGAÇÃO
Instituição da catalogação original BR-BrBNA
Idioma da catalogação por
Instituição que transcreveu o registro Biblioteca Nacional de Agricultura
041 ## - CÓDIGO DE IDIOMA
Código do idioma do texto/trilha sonora ou título diferente (Pt)
072 ## - CÓDIGO DE CATEGORIA DE ASSUNTO
Código de Categoria de Assunto L51
100 1# - ENTRADA PRINCIPAL--NOME PESSOAL
Nome pessoal Soares, A.C.M.
100 1# - ENTRADA PRINCIPAL--NOME PESSOAL
Nome pessoal Bastos, G.A.
100 1# - ENTRADA PRINCIPAL--NOME PESSOAL
Nome pessoal Ferreira, M.G.
100 1# - ENTRADA PRINCIPAL--NOME PESSOAL
Nome pessoal Duarte, E.R.
100 1# - ENTRADA PRINCIPAL--NOME PESSOAL
Nome pessoal Geraseev, L.C.
100 1# - ENTRADA PRINCIPAL--NOME PESSOAL
Nome pessoal Oliveira, N.J.F. de
245 1# - TÍTULO
Título Relação albumina globulina de bezerras holandesas criadas em dois sistemas de aleitamento
650 ## - ASSUNTO--TERMO TÓPICO
Cabeçalho tópico ou nome geográfico BOVINO
650 ## - ASSUNTO--TERMO TÓPICO
Cabeçalho tópico ou nome geográfico BIOQUIMICA ANIMAL
650 ## - ASSUNTO--TERMO TÓPICO
Cabeçalho tópico ou nome geográfico NUTRICAO ANIMAL
650 ## - ASSUNTO--TERMO TÓPICO
Cabeçalho tópico ou nome geográfico SANGUE
650 ## - ASSUNTO--TERMO TÓPICO
Cabeçalho tópico ou nome geográfico ANALISE
650 ## - ASSUNTO--TERMO TÓPICO
Cabeçalho tópico ou nome geográfico METABOLISMO
650 ## - ASSUNTO--TERMO TÓPICO
Cabeçalho tópico ou nome geográfico ALEITAMENTO
773 0# - ENTRADA ANALÍTICA
Título Caderno de Ciências Agrárias (Brazil)
ISSN - International Standard Serial Number ISSN 2447-6218
Partes relacionadas (Jan-Apr 2015), v. 7(1 Supl. 2) p. 126-130
Número de controle do registro BR2016001029
856 40 - LOCALIZAÇÃO ELETRÔNICA E ACESSO
Uniform Resource Identifier <a href="https://seer.ufmg.br/index.php/ccaufmg/article/view/1278/962">https://seer.ufmg.br/index.php/ccaufmg/article/view/1278/962</a>
909 ## -
-- 202311
-- Lúcia
-- 55
-- Lúcia Elande
942 ## - ELEMENTOS DE ENTRADA ADICIONADOS (KOHA)
Fonte da classificação ou esquema de arquivamento na estante Classificação AGRIS
Ocultar no OPAC Não
Tipo de material Koha Analítica
Exemplares
Situação do descarte Fonte da classificação ou esquema de arquivamento na estante Situação física Não pode ser emprestado Biblioteca de origem Biblioteca atual Localização na estante Enumeração do periódico / cronologia Total de empréstimos Data de último acesso Número do exemplar Tipo de material Koha Fonte de aquisição
  Classificação AGRIS   Consulta local Biblioteca Nacional de Agricultura - Binagri Biblioteca Nacional de Agricultura - Binagri   (Jan-Apr 2015), v. 7(1 Supl. 2) p. 126-130   29/11/2023 01 Periódicos Portaria Interministerial nº 164/94

BINAGRI

Telefone: (61)3218-2567/2388/3357/2097 - binagri@agro.gov.br

Ministério da Agricultura e Pecuária , Esplanada dos Ministérios, Bloco D, Anexo B, Brasília/DF, CEP: 70.043-900